Every SNL host - Part 4 - Statistics

General Stats
  • This quiz has been taken 33 times
  • The average score is 60 of 202
Answer Stats
Season Host Episode % Correct
31 8 Alec Baldwin
71%
32 5 Alec Baldwin
71%
34 16 Alec Baldwin
71%
35 22 Alec Baldwin
71%
37 1 Alec Baldwin
71%
36 1 Amy Poehler
71%
32 9* Justin Timberlake
71%
34 21 Justin Timberlake
71%
36 22 Justin Timberlake
71%
38 16* Justin Timberlake
71%
39 6* Lady Gaga
71%
33 5 Tina Fey
71%
35 18 Tina Fey
71%
36 20 Tina Fey
71%
39 1 Tina Fey
71%
40 5 Chris Rock
65%
31 12 Steve Martin
65%
34 14 Steve Martin
65%
35 5 Taylor Swift
65%
31 17 Tom Hanks
65%
32 12 Drew Barrymore
59%
35 3 Drew Barrymore
59%
36 18* Elton John
59%
31 10 Scarlett Johansson
59%
32 18 Scarlett Johansson
59%
36 6 Scarlett Johansson
59%
40 19 Scarlett Johansson
59%
34 4 Anne Hathaway
53%
36 7 Anne Hathaway
53%
38 7 Anne Hathaway
53%
34 7 Ben Affleck
53%
38 21 Ben Affleck
53%
31 3 Catherine Zeta-Jones
53%
40 14 Dakota Johnson
53%
36 4 Emma Stone
53%
37 6 Emma Stone
53%
38 9 Jamie Foxx
53%
38 11 Jennifer Lawrence
53%
35 17 Jude Law
53%
38 20 Kristen Wiig
53%
33 7 Amy Adams
47%
40 10 Amy Adams
47%
39 21 Andy Samberg
47%
37 3 Ben Stiller
47%
40 3 Bill Hader
47%
40 15 Chris Hemsworth
47%
37 12 Daniel Radcliffe
47%
34 2 James Franco
47%
35 10 James Franco
47%
40 8 James Franco
47%
35 15 Jennifer Lopez
47%
37 10 Jimmy Fallon
47%
39 10 Jimmy Fallon
47%
35 1 Megan Fox
47%
35 2 Ryan Reynolds
47%
31 1 Steve Carell
47%
33 10 Ashton Kutcher
41%
35 14 Ashton Kutcher
41%
35 21 Betty White
41%
40 7 Cameron Diaz
41%
35 11 Charles Barkley
41%
37 11 Charles Barkley
41%
36 11 Jim Carrey
41%
40 4 Jim Carrey
41%
33 8 Jonah Hill
41%
37 17 Jonah Hill
41%
39 12 Jonah Hill
41%
34 6 Jon Hamm
41%
35 13 Jon Hamm
41%
36 5 Jon Hamm
41%
37 9 Katy Perry
41%
33 1 LeBron James
41%
32 19 Molly Shannon
41%
34 8 Paul Rudd
41%
36 9 Paul Rudd
41%
39 8 Paul Rudd
41%
32 14 Rainn Wilson
41%
40 2 Sarah Silverman
41%
34 18 Tracy Morgan
41%
39 20 Charlize Theron
35%
40 1 Chris Pratt
35%
33 9 Christopher Walken
35%
38 3 Daniel Craig
35%
37 20 Eli Manning
35%
36 12 Gwyneth Paltrow
35%
38 15 Kevin Hart
35%
40 11 Kevin Hart
35%
31 16 Lindsay Lohan
35%
37 16 Lindsay Lohan
35%
37 15 Maya Rudolph
35%
37 2 Melissa McCarthy
35%
38 17 Melissa McCarthy
35%
39 13 Melissa McCarthy
35%
36 16 Miley Cyrus
35%
39 2* Miley Cyrus
35%
31 13 Natalie Portman
35%
32 16 Peyton Manning
35%
34 15 Bradley Cooper
29%
39 4 Edward Norton
29%
33 6 Elliot Page
29%
31 9 Jack Black
29%
38 8 Jeremy Renner
29%
39 9 John Goodman
29%
34 5 Josh Brolin
29%
37 19 Josh Brolin
29%
40 20 Reese Witherspoon
29%
35 9 Taylor Lautner
29%
34 20 Zac Efron
29%
39 19 Andrew Garfield
24%
39 17 Anna Kendrick
24%
36 2 Bryan Cranston
24%
39 11* Drake
24%
32 10 Jake Gyllenhaal
24%
37 7 Jason Segel
24%
32 3 John C. Reilly
24%
34 10 John Malkovich
24%
38 13* Justin Bieber
24%
40 17 Michael Keaton
24%
37 22* Mick Jagger
24%
34 12 Neil Patrick Harris
24%
32 17 Shia LeBeouf
24%
33 11 Shia LeBeouf
24%
40 6 Woody Harrelson
24%
35 16 Zach Galifianakis
24%
36 17 Zach Galifianakis
24%
38 19 Zach Galifianakis
24%
31 15 Antonio Banderas
18%
38 5* Bruno Mars
18%
38 4 Christina Applegate
18%
36 19 Helen Mirren
18%
31 19 Kevin Spacey
18%
38 6 Louis C.K.
18%
39 16 Louis C.K.
18%
40 21 Louis C.K.
18%
39 3 Bruce Willis
12%
37 13 Channing Tatum
12%
36 14 Dana Carvey
12%
31 6 Eva Longoria
12%
36 10 Jeff Bridges
12%
32 11 Jeremy Piven
12%
36 13 Jesse Eisenberg
12%
39 14 Jim Parsons
12%
40 13 J.K. Simmons
12%
35 7 Joseph Gordon-Levitt
12%
38 2 Joseph Gordon-Levitt
12%
36 15 Russell Brand
12%
37 18 Sofia Vergara
12%
38 18 Vince Vaughn
12%
40 12* Blake Shelton
6%
37 5 Charlie Day
6%
36 21 Ed Helms
6%
32 13 Forest Whitaker
6%
35 20 Gabourey Sidibe
6%
35 4 Gerard Butler
6%
32 4 Hugh Laurie
6%
34 11 Hugh Laurie
6%
39 5 Kerry Washington
6%
38 10 Martin Short
6%
31 14 Matt Dillon
6%
32 7 Matthew Fox
6%
36 8 Robert De Niro
6%
35 19 Ryan Phillippe
6%
35 12 Sigourney Weaver
6%
37 8 Steve Buscemi
6%
40 18 Taraji P. Henson
6%
34 9 Tim McGraw
6%
34 22 Will Farrell
6%
37 21 Will Farrell
6%
32 20 Zach Braff
6%
37 14 Zooey Deschanel
6%
38 12 Adam Levine
0%
34 3 Anna Faris
0%
37 4 Anna Faris
0%
32 8 Annette Bening
0%
35 8 Blake Lively
0%
33 4 Brian Williams
0%
38 14 Christopher Waltz
0%
31 7 Dane Cook
0%
32 1 Dane Cook
0%
34 17 Dwayne "The Rock" Johnson
0%
40 16 Dwayne "The Rock" Johnson
0%
32 2 Jamie Pressly
0%
36 3 Jane Lynch
0%
35 6 January Jones
0%
31 5 Jason Lee
0%
33 3 Jon Bon Jovi
0%
31 2 Jon Hader
0%
39 7 Josh Hutcherson
0%
31 18 Julia Louis-Dreyfuss
0%
32 15 Julia Louis-Dreyfuss
0%
31 4 Lance Armstrong
0%
39 15 Lena Dunham
0%
32 6* Ludacris
0%
40 9 Martin Freeman
0%
34 1 Michael Phelps
0%
31 11 Peter Sarsgaard
0%
34 13 Rosario Dawson
0%
38 1 Seth MacFarlane
0%
33 2 Seth Rogan
0%
34 19 Seth Rogan
0%
39 18 Seth Rogan
0%
33 12 Steve Carrell
0%
No matching quizzes found
Score Distribution
Percent of People with Each Score
Percentile by Number Answered
Your Score History
You have not taken this quiz